00637 2200241 4500001002100000005001500021035002000036245006700056100001400123250000600137300003500143700001200178260003600190082001200226084001800238020002200256650003200278990001700310990001700327990001700344990001700361990001700378INLIS00000000000027020180925110301 a0010-09180001241 aAyo Mengenal Indonesia Sumatra 1 /cMunasifah; Editor, Raharjo0 aMunasifah a- aiv, 60 hlm. :bilus. ;c21 cm.0 aRaharjo aJakarta :bCV Pamularsih,c2007 a911.598 a911.598 MUN a a978-979-1494-31-1 aGeografi Historis Indonesia a01116/H/2018 a01117/H/2018 a01118/H/2018 a01119/H/2018 a01120/H/2018